[Event "Olympiad"]
[Site "Thessaloniki GRE"]
[Date "1988.11.21"]
[Round "8"]
[White "Arduman, Can"]
[Black "Hergott, Deen"]
[Result "1/2-1/2"]
[WhiteElo "2285"]
[BlackElo "2365"]
[PlyCount "48"]
[EventDate "1988.11.13"]
[EventType "team"]
[EventRounds "14"]
[EventCountry "GRE"]

1. d4 g6 2. c4 Bg7 3. Nf3 c5 4. d5 d6 5. e4 Nf6 6. Nc3 O-O 7. h3 e6 8. Bd3 a6
9. a4 exd5 10. exd5 Re8+ 11. Be3 Nh5 12. O-O f5 13. Bg5 Bf6 14. Bxf6 Qxf6 15.
Re1 Rxe1+ 16. Qxe1 Nd7 17. Qe8+ Qf8 18. Qxf8+ Nxf8 19. a5 b6 20. axb6 Rb8 21.
b3 Rxb6 22. Bc2 Nf6 23. Na4 Rb7 24. Nc3 Re7 1/2-1/2

[Event "Olympiad"]
[Site "Thessaloniki GRE"]
[Date "1988.11.25"]
[Round "11"]
[White "Kindermann, Stefan"]
[Black "Hergott, Deen"]
[Result "1-0"]
[WhiteElo "2525"]
[BlackElo "2365"]
[PlyCount "58"]
[EventDate "1988.11.13"]
[EventType "team"]
[EventRounds "14"]
[EventCountry "GRE"]

1. e4 e6 2. d4 d5 3. Nc3 Nf6 4. Bg5 Bb4 5. exd5 Qxd5 6. Bxf6 gxf6 7. Qd2 Bxc3
8. Qxc3 Rg8 9. Nf3 Nc6 10. O-O-O Bd7 11. Bc4 Qa5 12. Qe3 Qb6 13. Qh6 O-O-O 14.
g3 Na5 15. Bd3 e5 16. dxe5 Bg4 17. Qf4 Kb8 18. Bxh7 Bxf3 19. Qxf3 Rxd1+ 20.
Rxd1 Rh8 21. Qxf6 Qxf6 22. exf6 c5 23. Be4 Rxh2 24. f4 Rh6 25. Rd5 b6 26. Rd7
Rxf6 27. b3 Re6 28. Bd5 Rg6 29. Rxf7 Rxg3 1-0

[Event "Labour Day op"]
[Site "Toronto CAN"]
[Date "1988.09.04"]
[Round "4"]
[White "Findlay, Ian"]
[Black "Hergott, Deen"]
[Result "0-1"]
[WhiteElo "2434"]
[BlackElo "2461"]
[PlyCount "64"]
[EventDate "1988.09.03"]
[EventType "swiss"]
[EventRounds "6"]
[EventCountry "CAN"]

1. e4 g6 2. d4 d6 3. Nc3 Bg7 4. Be3 c6 5. a4 Nf6 6. h3 Qa5 7. Qd2 Na6 8. Nf3 b5
9. Bd3 b4 10. Ne2 d5 11. e5 Ne4 12. Bxe4 dxe4 13. Ng5 c5 14. dxc5 O-O 15. Qd5
Rb8 16. Qxe4 Nxc5 17. Qd5 Nb7 18. Qxa5 Nxa5 19. Bxa7 Rb7 20. Bd4 Bf5 21. Rc1
Rc8 22. O-O Bxc2 23. Nc3 Nb3 24. Nb5 Rxb5 25. axb5 Nxd4 26. Ra1 h6 27. b6 hxg5
28. b7 Rb8 29. Ra8 Nc6 30. f4 Kh7 31. Rxb8 Nxb8 32. fxg5 Bb3 0-1

[Event "Ontario-ch"]
[Site "Toronto CAN"]
[Date "1988.04.30"]
[Round "1"]
[White "O'Donnell, Tom"]
[Black "Hergott, Deen"]
[Result "1/2-1/2"]
[WhiteElo "2408"]
[BlackElo "2450"]
[PlyCount "36"]
[EventDate "1988.04.30"]
[EventType "tourn"]
[EventRounds "9"]
[EventCountry "CAN"]

1. e4 e6 2. d4 d5 3. Nd2 Be7 4. Bd3 Nc6 5. c3 dxe4 6. Nxe4 e5 7. Ne2 exd4 8.
cxd4 Nf6 9. O-O O-O 10. Be3 Bg4 11. Rc1 Bxe2 12. Qxe2 Nb4 13. Bb1 Nxe4 14. Bxe4
c6 15. Qc4 Bd6 16. g3 Qe7 17. Bd2 Qxe4 18. Bxb4 Rad8 1/2-1/2

[Event "Ontario-ch"]
[Site "Toronto CAN"]
[Date "1988.05.01"]
[Round "2"]
[White "Hergott, Deen"]
[Black "Campbell, Brett"]
[Result "1/2-1/2"]
[WhiteElo "2450"]
[BlackElo "2312"]
[PlyCount "81"]
[EventDate "1988.04.30"]
[EventType "tourn"]
[EventRounds "9"]
[EventCountry "CAN"]

1. d4 b5 2. Bg5 Nf6 3. Nd2 Bb7 4. Ngf3 e6 5. e4 b4 6. e5 h6 7. Bh4 g5 8. Nxg5
hxg5 9. Bxg5 Be7 10. exf6 Bxf6 11. Bxf6 Qxf6 12. Nf3 Rg8 13. Qd3 a5 14. O-O-O
d6 15. Qe3 Bd5 16. Kb1 Nd7 17. h4 a4 18. Ng5 c5 19. Bb5 a3 20. Ne4 Bxe4 21.
Qxe4 d5 22. Qf3 Qxf3 23. gxf3 c4 24. Rdg1 Ke7 25. Bxd7 Rxg1+ 26. Rxg1 Kxd7 27.
bxa3 bxa3 28. Kc1 Rh8 29. Rh1 Ke7 30. Kd2 Kf6 31. Kc3 Kg6 32. Kb4 Rb8+ 33. Kxa3
c3 34. Rg1+ Kh6 35. Rd1 Rb2 36. Rd3 Rxc2 37. Kb3 Rb2+ 38. Ka3 Rc2 39. Kb3 Rb2+
40. Ka3 Rc2 41. Kb3 1/2-1/2

[Event "Ontario-ch"]
[Site "Toronto CAN"]
[Date "1988.05.02"]
[Round "3"]
[White "Husain, Imtiaz"]
[Black "Hergott, Deen"]
[Result "0-1"]
[WhiteElo "2157"]
[BlackElo "2450"]
[PlyCount "90"]
[EventDate "1988.04.30"]
[EventType "tourn"]
[EventRounds "9"]
[EventCountry "CAN"]

1. g3 g6 2. Bg2 Bg7 3. c4 e5 4. Nc3 Nc6 5. e3 d6 6. Nge2 h5 7. d4 h4 8. a3 exd4
9. exd4 Nh6 10. Be3 Nf5 11. Qd2 hxg3 12. hxg3 Rxh1+ 13. Bxh1 Na5 14. Nd5 Nb3
15. Qd1 Nxa1 16. Qxa1 c6 17. Nb4 Nxe3 18. fxe3 Kf8 19. Kd2 Bf5 20. Qf1 a5 21.
Nd3 Bxd3 22. Kxd3 Qb6 23. Kc2 Rd8 24. Qf4 Kg8 25. Nc3 a4 26. Nxa4 Qa5 27. Nc3
Qh5 28. Be4 Qh2+ 29. Kb3 Qd2 30. g4 Bxd4 31. Bxg6 fxg6 32. Qxd4 Qxd4 33. exd4
Kf7 34. Kb4 Kf6 35. Ka5 Kg5 36. Kb6 Kxg4 37. Kxb7 Kf3 38. Kxc6 g5 39. Nd5 Rc8+
40. Kxd6 g4 41. Ke7 Rh8 42. Nf6 g3 43. d5 g2 44. c5 g1=Q 45. b4 Qg7+ 0-1

[Event "Ontario-ch"]
[Site "Toronto CAN"]
[Date "1988.05.03"]
[Round "4"]
[White "Hergott, Deen"]
[Black "Stone, Raymond"]
[Result "1/2-1/2"]
[WhiteElo "2450"]
[BlackElo "2374"]
[PlyCount "49"]
[EventDate "1988.04.30"]
[EventType "tourn"]
[EventRounds "9"]
[EventCountry "CAN"]

1. e4 c5 2. Nc3 Nc6 3. Nf3 d6 4. d4 cxd4 5. Nxd4 e6 6. Bc4 Nf6 7. Be3 Be7 8.
Qe2 O-O 9. O-O-O Qc7 10. Bb3 a6 11. g4 Nxd4 12. Rxd4 b5 13. g5 Nd7 14. Qh5 Rd8
15. f4 Nc5 16. f5 g6 17. Qh4 Bd7 18. Rf1 h5 19. Qf2 Be8 20. fxe6 fxe6 21. e5
dxe5 22. Rxd8 Rxd8 23. Bxc5 Qxc5 24. Bxe6+ Kh8 25. Qxc5 1/2-1/2

[Event "Ontario-ch"]
[Site "Toronto CAN"]
[Date "1988.05.04"]
[Round "5"]
[White "Coakley, Jeff"]
[Black "Hergott, Deen"]
[Result "1/2-1/2"]
[WhiteElo "2235"]
[BlackElo "2450"]
[PlyCount "33"]
[EventDate "1988.04.30"]
[EventType "tourn"]
[EventRounds "9"]
[EventCountry "CAN"]

1. b4 e5 2. b5 a5 3. Bb2 d6 4. e3 Nf6 5. c4 Nbd7 6. Nf3 g6 7. Be2 Bg7 8. d4 O-O
9. a4 Re8 10. Nc3 exd4 11. Nxd4 Ne5 12. h3 c5 13. Nf3 Nfd7 14. Qxd6 Nxf3+ 15.
gxf3 Qh4 16. Qd2 Nb6 17. Ne4 1/2-1/2

[Event "Ontario-ch"]
[Site "Toronto CAN"]
[Date "1988.05.06"]
[Round "7"]
[White "Hergott, Deen"]
[Black "Bailey, Doug"]
[Result "1/2-1/2"]
[WhiteElo "2450"]
[BlackElo "2391"]
[PlyCount "120"]
[EventDate "1988.04.30"]
[EventType "tourn"]
[EventRounds "9"]
[EventCountry "CAN"]

1. c4 Nf6 2. Nc3 d5 3. cxd5 Nxd5 4. g3 g6 5. Bg2 Be6 6. Qa4+ Nc6 7. Nf3 Nb6 8.
Qh4 Bg7 9. Ng5 Bd7 10. d3 e5 11. Be3 Nd4 12. Bxd4 exd4 13. Qe4+ Kf8 14. Qf4 Bf6
15. Nce4 Nd5 16. Qc1 Qe7 17. Nxf6 Nxf6 18. Qxc7 Qb4+ 19. Kf1 Qxb2 20. Qc1 Qxc1+
21. Rxc1 Ke7 22. Ke1 h6 23. Nf3 Bc6 24. Kd2 Rhd8 25. Rc2 Rd6 26. Rb1 Rad8 27.
Bh3 Rd5 28. Rb4 a5 29. Rbc4 Rh5 30. Bg2 Ng4 31. h3 Nxf2 32. g4 Bxf3 33. exf3
Re5 34. f4 Re3 35. Rxd4 Rxd3+ 36. Rxd3 Nxd3 37. Rc7+ Ke6 38. Ke3 Nb4 39. Bxb7
Rd3+ 40. Ke2 Ra3 41. h4 Rxa2+ 42. Ke3 Rc2 43. Rxc2 Nxc2+ 44. Kd3 Nb4+ 45. Kc4
Kd6 46. Bf3 Nc6 47. Bd1 Ne7 48. Kd4 Nc6+ 49. Ke4 Ne7 50. g5 hxg5 51. hxg5 Nf5
52. Bb3 Ke7 53. Ke5 Nd6 54. Bc2 Nf5 55. Bb3 Ng7 56. Bd1 Nf5 57. Bb3 Nd6 58. Bc2
Kd7 59. Kf6 Kc6 60. Bb3 Kc5 1/2-1/2

[Event "Ontario-ch"]
[Site "Toronto CAN"]
[Date "1988.05.07"]
[Round "8"]
[White "Hergott, Deen"]
[Black "Dean, Andrew"]
[Result "1-0"]
[WhiteElo "2450"]
[BlackElo "1784"]
[PlyCount "35"]
[EventDate "1988.04.30"]
[EventType "tourn"]
[EventRounds "9"]
[EventCountry "CAN"]

1. d4 Nf6 2. Nf3 e6 3. c4 b6 4. Nc3 Bb7 5. a3 d5 6. cxd5 Nxd5 7. e3 Be7 8. Bb5+
c6 9. Bd3 O-O 10. Qc2 g6 11. h4 Bf6 12. h5 Ne7 13. e4 Ba6 14. Bh6 Bxd3 15. Qxd3
Bg7 16. Qd2 f5 17. hxg6 f4 18. gxh7+ 1-0

[Event "RA Spring op"]
[Site "Ottawa CAN"]
[Date "1988.03.??"]
[Round "?"]
[White "O'Donnell, Tom"]
[Black "Hergott, Deen"]
[Result "1-0"]
[WhiteElo "2451"]
[BlackElo "2437"]
[PlyCount "141"]
[EventDate "1988.03.??"]
[EventType "swiss"]
[EventRounds "5"]
[EventCountry "CAN"]

1. e4 e6 2. d4 d5 3. Nd2 a6 4. Ngf3 c5 5. exd5 exd5 6. Be2 Nc6 7. O-O Nf6 8.
Re1 Be6 9. dxc5 Bxc5 10. Nb3 Ba7 11. c3 O-O 12. Nbd4 Ne4 13. Be3 Qf6 14. Bd3
Bg4 15. Nxc6 Bxe3 16. Rxe3 Qxc6 17. Be2 Rfe8 18. Nd4 Bxe2 19. Qxe2 Qc4 20. Re1
Qxe2 21. R3xe2 Kf8 22. Kf1 Nd6 23. Rd1 Nc4 24. b3 Na3 25. Rxe8+ Rxe8 26. Ne2
Nb5 27. Rd3 Nc7 28. Ke1 Re5 29. Kd2 Ne6 30. f3 Ke7 31. g3 g5 32. Nd4 Nxd4 33.
Rxd4 Kd6 34. Rb4 b5 35. a4 Kc5 36. axb5 axb5 37. f4 gxf4 38. Rxf4 f5 39. Rh4
Re7 40. b4+ Kd6 41. Rh6+ Ke5 42. Rb6 Ke4 43. Rxb5 f4 44. gxf4 Rg7 45. f5 Rg2+
46. Ke1 Ke3 47. Kf1 Rf2+ 48. Kg1 Rxf5 49. Rc5 Rg5+ 50. Kf1 Rf5+ 51. Kg2 Rg5+
52. Kh3 Ke4 53. b5 Rg1 54. Kh4 Rb1 55. Kh5 d4 56. cxd4 Kxd4 57. Rg5 Rh1 58. h4
Kc4 59. Rf5 Rh2 60. Kg5 Rd2 61. Kh6 Rd7 62. h5 Rb7 63. b6 Rxb6+ 64. Kxh7 Kd4
65. h6 Ke4 66. Rf7 Rb1 67. Kg8 Rg1+ 68. Kf8 Rh1 69. h7 Ke5 70. Kg8 Ke6 71. Rg7
1-0

[Event "Saint John op-2"]
[Site "Saint John CAN"]
[Date "1988.??.??"]
[Round "?"]
[White "Foisor, Ovidiu"]
[Black "Hergott, Deen"]
[Result "1/2-1/2"]
[WhiteElo "2495"]
[BlackElo "2320"]
[PlyCount "92"]
[EventDate "1988.02.08"]
[EventType "swiss"]
[EventRounds "9"]
[EventCountry "CAN"]

1. d4 Nf6 2. c4 e6 3. Nc3 Bb4 4. Qc2 O-O 5. Nf3 d6 6. g3 Nbd7 7. Bg2 e5 8. O-O
exd4 9. Nxd4 c6 10. a3 Bc5 11. Rd1 Ne5 12. Na4 Qe7 13. Nxc5 dxc5 14. Nb3 Be6
15. Nd2 Rad8 16. b3 Bg4 17. Nf1 Bf5 18. e4 Rxd1 19. Qxd1 Bxe4 20. Bb2 Bxg2 21.
Kxg2 Rd8 22. Qe2 Ng6 23. Qf3 Qe4 24. Bxf6 Qxf3+ 25. Kxf3 gxf6 26. Ke2 Nf8 27.
Rd1 Rxd1 28. Kxd1 Ne6 29. Kc2 Kg7 30. Nd2 f5 31. Kd3 a5 32. Nf3 Kf6 33. a4 Nf8
34. Ke3 Ne6 35. Kd3 Nf8 36. Ke3 h6 37. Kd3 Ng6 38. Ke3 Ke6 39. Ne1 f4+ 40. gxf4
Kf5 41. Nd3 b6 42. Ne5 Nxe5 43. fxe5 Kxe5 44. f4+ Kf5 45. Kf3 h5 46. h3 f6
1/2-1/2

[Event "Saint John op-2"]
[Site "Saint John CAN"]
[Date "1988.??.??"]
[Round "?"]
[White "Hergott, Deen"]
[Black "Gruenfeld, Yehuda"]
[Result "0-1"]
[WhiteElo "2320"]
[BlackElo "2550"]
[PlyCount "66"]
[EventDate "1988.02.08"]
[EventType "swiss"]
[EventRounds "9"]
[EventCountry "CAN"]

1. d4 Nf6 2. c4 c5 3. d5 e6 4. Nc3 exd5 5. cxd5 d6 6. e4 g6 7. f4 Bg7 8. Bb5+
Nfd7 9. Nf3 a6 10. Bd3 b5 11. O-O O-O 12. Kh1 Re8 13. e5 dxe5 14. fxe5 Nxe5 15.
Bg5 Qb6 16. Nxe5 Rxe5 17. Qf3 Ra7 18. Rae1 f5 19. Bf4 Nd7 20. Qg3 Rxe1 21. Rxe1
Nf6 22. d6 Rf7 23. Bg5 Qc6 24. Bxf6 Rxf6 25. Re7 Rxd6 26. Be2 Be6 27. Bf3 Qb6
28. h4 Bf8 29. Rb7 Qd8 30. h5 Qf6 31. Rb8 Bf7 32. Qf2 Qe5 33. Qh4 Rd4 0-1

[Event "Saint John op-2"]
[Site "Saint John CAN"]
[Date "1988.??.??"]
[Round "?"]
[White "Hergott, Deen"]
[Black "Kuczynski, Robert"]
[Result "0-1"]
[WhiteElo "2320"]
[BlackElo "2485"]
[PlyCount "73"]
[EventDate "1988.02.08"]
[EventType "swiss"]
[EventRounds "9"]
[EventCountry "CAN"]

1. g3 g6 2. Bg2 Bg7 3. c4 f5 4. d4 Nf6 5. Nf3 O-O 6. O-O d6 7. Nc3 c6 8. Rb1 a5
9. a3 Ne4 10. Nxe4 fxe4 11. Ng5 d5 12. Be3 h6 13. Nh3 g5 14. cxd5 Qxd5 15. Rc1
Bf5 16. Rc5 Qe6 17. d5 Qc8 18. dxc6 Nxc6 19. Nxg5 hxg5 20. Bxg5 Qe6 21. Be3
Rad8 22. Qc1 Rd7 23. h3 Bxh3 24. Bxh3 Qxh3 25. Qc4+ e6 26. Qxe4 Bxb2 27. Rg5+
Rg7 28. Rb1 Rd8 29. Rxg7+ Bxg7 30. g4 e5 31. Qg6 Kh8 32. Bb6 Nd4 33. Bxd4 Rxd4
34. Qe8+ Kh7 35. f3 Rd6 36. Qf7 Qg3+ 37. Kf1 0-1

[Event "Saint John op-2"]
[Site "Saint John CAN"]
[Date "1988.??.??"]
[Round "?"]
[White "Hergott, Deen"]
[Black "Olafsson, Helgi"]
[Result "1/2-1/2"]
[WhiteElo "2320"]
[BlackElo "2510"]
[PlyCount "118"]
[EventDate "1988.02.08"]
[EventType "swiss"]
[EventRounds "9"]
[EventCountry "CAN"]

1. d4 Nf6 2. c4 e6 3. Nf3 b6 4. g3 Ba6 5. b3 Bb7 6. Bg2 Bb4+ 7. Bd2 a5 8. O-O
O-O 9. Bg5 h6 10. Bxf6 Qxf6 11. a3 Be7 12. Nc3 Rd8 13. e4 g6 14. e5 Qg7 15. d5
Na6 16. Qc2 Qf8 17. Nd2 Rab8 18. Nde4 Bxa3 19. Nb5 Bc5 20. Rad1 Kh8 21. Nxc5
Qxc5 22. Qc1 Qf8 23. dxe6 fxe6 24. Bxb7 Rxb7 25. Rd4 Qg7 26. Rf4 Rbb8 27. Rd1
Rf8 28. Rf6 Kh7 29. Qc2 Rxf6 30. exf6 Qf7 31. Nc3 Rf8 32. h4 d6 33. Ne4 d5 34.
cxd5 exd5 35. Nc3 Nb4 36. Qe2 c6 37. Na4 Re8 38. Qf3 Re6 39. Nxb6 Rxf6 40. Qe2
Re6 41. Qd2 Qf3 42. Re1 Re4 43. Rxe4 Qxe4 44. Qc3 d4 45. Qa1 Nd3 46. Qxa5 h5
47. Qa7+ Kh6 48. Qf7 Qf5 49. Qxf5 gxf5 50. Nc4 f4 51. Kg2 fxg3 52. fxg3 Kg6 53.
Kf3 Kf5 54. Nd6+ Ke5 55. Nc4+ Kf5 56. Nd6+ Ke6 57. Ne8 Ne5+ 58. Ke4 d3 59. Ke3
Kf5 1/2-1/2

[Event "Saint John op-2"]
[Site "Saint John CAN"]
[Date "1988.??.??"]
[Round "?"]
[White "Hergott, Deen"]
[Black "Tolnai, Tibor"]
[Result "1/2-1/2"]
[WhiteElo "2320"]
[BlackElo "2465"]
[PlyCount "76"]
[EventDate "1988.02.08"]
[EventType "swiss"]
[EventRounds "9"]
[EventCountry "CAN"]

1. d4 Nf6 2. c4 e6 3. Nf3 b6 4. Nc3 Bb7 5. Bg5 Be7 6. Qc2 d5 7. Bxf6 Bxf6 8.
cxd5 exd5 9. g3 O-O 10. Bg2 c5 11. dxc5 bxc5 12. O-O Na6 13. Rfd1 Rb8 14. Rac1
Qa5 15. a3 Bc6 16. Ne1 Nc7 17. Nxd5 Bxd5 18. Bxd5 Rxb2 19. Qxc5 Qxc5 20. Rxc5
Nxd5 21. Rcxd5 Rxe2 22. Nf3 Ra2 23. R1d3 h6 24. Ra5 Rc8 25. Nd2 Bc3 26. Rad5
Rxa3 27. Kg2 Ra1 28. Nb3 Ra2 29. Rd8+ Rxd8 30. Rxd8+ Kh7 31. Rd7 a5 32. Rxf7 a4
33. Nc5 a3 34. Ne4 Bd4 35. Rd7 Bb6 36. Rd3 Re2 37. Kf3 a2 38. Ra3 Rc2 1/2-1/2

[Event "Saint John op-2"]
[Site "Saint John CAN"]
[Date "1988.??.??"]
[Round "?"]
[White "Shirazi, Kamran"]
[Black "Hergott, Deen"]
[Result "0-1"]
[WhiteElo "2455"]
[BlackElo "2320"]
[PlyCount "46"]
[EventDate "1988.02.08"]
[EventType "swiss"]
[EventRounds "9"]
[EventCountry "CAN"]

1. e4 e6 2. d4 d5 3. Nc3 Nf6 4. e5 Nfd7 5. f4 c5 6. Nf3 Nc6 7. Be3 Qb6 8. Qd2
cxd4 9. Nxd4 Qxb2 10. Rb1 Qa3 11. Bb5 Nxd4 12. Bxd4 Bb4 13. O-O O-O 14. Rf3 a6
15. Bxd7 Bxd7 16. f5 Rfc8 17. Rb3 Bxc3 18. Rfxc3 Qxa2 19. f6 Rxc3 20. Qg5 Qa1+
21. Kf2 Rxc2+ 22. Kg3 Qe1+ 23. Kh3 Rxg2 0-1

[Event "Saint John op-2"]
[Site "Saint John CAN"]
[Date "1988.??.??"]
[Round "?"]
[White "Southam, Todd"]
[Black "Hergott, Deen"]
[Result "1/2-1/2"]
[WhiteElo "2295"]
[BlackElo "2320"]
[PlyCount "68"]
[EventDate "1988.02.08"]
[EventType "swiss"]
[EventRounds "9"]
[EventCountry "CAN"]

1. d4 Nf6 2. c4 e6 3. Nc3 Bb4 4. e3 b6 5. Nge2 Ba6 6. a3 Bxc3+ 7. Nxc3 d5 8. b3
O-O 9. Be2 Nc6 10. a4 dxc4 11. bxc4 e5 12. d5 Na5 13. Ba3 Re8 14. Nb5 Qd7 15.
O-O Nb7 16. f4 exf4 17. Rxf4 Rxe3 18. Bb2 Rae8 19. Bd3 Bxb5 20. Bxf6 gxf6 21.
Bxh7+ Kxh7 22. Qh5+ Kg7 23. Raf1 R3e5 24. Rg4+ Rg5 25. Rxg5+ fxg5 26. Qxg5+ Kf8
27. Qh6+ Ke7 28. Qf6+ Kf8 29. Qh8+ Ke7 30. Qf6+ Kf8 31. Qh6+ Kg8 32. Qg5+ Kf8
33. Qh6+ Kg8 34. Qg5+ Kf8 1/2-1/2

[Event "RA Winter op"]
[Site "Ottawa CAN"]
[Date "1988.01.??"]
[Round "?"]
[White "Armstrong, John"]
[Black "Hergott, Deen"]
[Result "0-1"]
[WhiteElo "2217"]
[BlackElo "2450"]
[PlyCount "54"]
[EventDate "1988.01.??"]
[EventType "swiss"]
[EventRounds "5"]
[EventCountry "CAN"]

1. d4 g6 2. c4 Bg7 3. Nc3 c5 4. d5 Bxc3+ 5. bxc3 f5 6. Nf3 Qa5 7. Qc2 Nf6 8.
Bf4 d6 9. e3 Nbd7 10. Bd3 b5 11. Rb1 bxc4 12. Bxc4 O-O 13. O-O Nb6 14. Rb5 Qa4
15. Qxa4 Nxa4 16. Rb3 Nb6 17. Bb5 Bd7 18. Bxd7 Nfxd7 19. Bh6 Rfb8 20. Rd1 c4
21. Rb5 Na4 22. Rxb8+ Rxb8 23. Kf1 Rb2 24. e4 fxe4 25. Nd2 Nxc3 26. Rc1 Nxd5
27. Nxe4 N7b6 0-1

[Event "Hull op"]
[Site "Hull CAN"]
[Date "1987.??.??"]
[Round "?"]
[White "Hartman, Brian"]
[Black "Hergott, Deen"]
[Result "1/2-1/2"]
[WhiteElo "2463"]
[BlackElo "2437"]
[PlyCount "75"]
[EventDate "1987.11.06"]
[EventType "swiss"]
[EventRounds "5"]
[EventCountry "CAN"]

1. e4 e6 2. d4 d5 3. e5 c5 4. Nf3 Nc6 5. Bd3 cxd4 6. O-O f6 7. Qe2 fxe5 8. Nxe5
Nf6 9. Bg5 Nxe5 10. Qxe5 Bd6 11. Qxd4 Qc7 12. Bxf6 gxf6 13. Qxf6 Bxh2+ 14. Kh1
Qe5 15. Qh4 Bf4 16. g3 Rf8 17. Nc3 Qg5 18. Qxh7 Qh6+ 19. Kg2 Qxh7 20. Bxh7 Be5
21. Nxd5 Kf7 22. Ne3 Bxb2 23. Rab1 Bd4 24. Be4 Rb8 25. Nc4 Ke7 26. f4 b6 27.
Rh1 Ba6 28. Nd2 Bb7 29. Bxb7 Rxb7 30. Nf3 Bf6 31. Rbe1 Rc7 32. Re2 Rfc8 33.
Rh7+ Kf8 34. Rxc7 Rxc7 35. Rxe6 Rxc2+ 36. Kh3 Kf7 37. f5 Rxa2 38. Rc6 1/2-1/2

[Event "BCF-ch"]
[Site "Swansea WLS"]
[Date "1987.??.??"]
[Round "?"]
[White "Hergott, Deen"]
[Black "Coleman, David"]
[Result "1-0"]
[WhiteElo "2305"]
[BlackElo "2270"]
[PlyCount "53"]
[EventDate "1987.08.??"]
[EventType "swiss"]
[EventRounds "11"]
[EventCountry "WLS"]

1. Nf3 Nf6 2. c4 g6 3. d4 Bg7 4. Nc3 d6 5. e4 O-O 6. Be2 e5 7. O-O Nc6 8. d5
Ne7 9. b4 Nh5 10. g3 h6 11. Nd2 Bh3 12. Re1 f5 13. exf5 Nf4 14. gxf4 exf4 15.
f6 Rxf6 16. Nde4 Rf5 17. Kh1 Qd7 18. Bg4 Bxg4 19. Qxg4 g5 20. Bxf4 h5 21. Qxh5
gxf4 22. Ng5 Bxc3 23. Qh7+ Kf8 24. Rxe7 Qxe7 25. Qxf5+ Ke8 26. Rg1 Qf6 27. Re1+
1-0

[Event "BCF-ch"]
[Site "Swansea WLS"]
[Date "1987.??.??"]
[Round "?"]
[White "Hergott, Deen"]
[Black "McNab, Colin"]
[Result "0-1"]
[WhiteElo "2305"]
[BlackElo "2435"]
[PlyCount "86"]
[EventDate "1987.08.??"]
[EventType "swiss"]
[EventRounds "11"]
[EventCountry "WLS"]

1. d4 d6 2. Nf3 g6 3. e4 Nf6 4. Nc3 Bg7 5. h3 O-O 6. Be3 c6 7. a4 a5 8. Qd2 Na6
9. Bc4 d5 10. exd5 cxd5 11. Bb3 Nb4 12. Bh6 Bf5 13. Bxg7 Kxg7 14. O-O Rc8 15.
Rfe1 h6 16. Nh4 e6 17. Nxf5+ gxf5 18. Re3 Kh7 19. Rg3 Nh5 20. Rf3 Qg5 21. Qxg5
hxg5 22. Rc1 Nf6 23. Na2 Nc6 24. c3 Kg7 25. Bc2 Rh8 26. Rd1 Rh4 27. Bd3 Ne7 28.
Rg3 Kg6 29. Nc1 Rch8 30. Kf1 Nc8 31. Ke1 Nd6 32. Rf3 Nde4 33. Bxe4 dxe4 34. Re3
f4 35. Re2 f3 36. gxf3 exf3 37. Re5 Rxh3 38. Kd2 Ng4 39. Rxa5 Nxf2 40. Rf1 Ne4+
41. Ke3 f2+ 42. Kxe4 f6 43. Rxg5+ Kxg5 0-1

[Event "BCF-ch"]
[Site "Swansea WLS"]
[Date "1987.??.??"]
[Round "?"]
[White "Hergott, Deen"]
[Black "Ward, Christopher"]
[Result "0-1"]
[WhiteElo "2305"]
[BlackElo "2330"]
[PlyCount "80"]
[EventDate "1987.08.??"]
[EventType "swiss"]
[EventRounds "11"]
[EventCountry "WLS"]

1. d4 Nf6 2. Nf3 c5 3. d5 e6 4. c4 b5 5. dxe6 fxe6 6. cxb5 d5 7. e3 Bd6 8. Nc3
Nbd7 9. e4 d4 10. Nb1 Nxe4 11. Bd3 Nef6 12. Nbd2 O-O 13. Ne4 Nxe4 14. Bxe4 Rb8
15. O-O Nf6 16. Bg5 Qc7 17. Bxf6 gxf6 18. a4 f5 19. Bc6 e5 20. Ng5 h6 21. Qh5
Rf6 22. Bd5+ Kg7 23. Ra3 e4 24. Rh3 Bf4 25. Qe8 Rf8 26. Qh5 Bxg5 27. Rg3 Kf6
28. h4 Ke5 29. Bxe4 Qf7 30. f4+ Bxf4 31. Rg6 Be3+ 32. Kh1 Kxe4 33. Qf3+ Ke5 34.
h5 Bb7 35. Qg3+ f4 36. Qh3 Qf5 37. Qh4 Rbe8 38. Rg7 Rf7 39. Rg6 d3 40. Rxh6 Rg8
0-1

[Event "BCF-ch"]
[Site "Swansea WLS"]
[Date "1987.??.??"]
[Round "?"]
[White "Lawton, Geoffrey"]
[Black "Hergott, Deen"]
[Result "1/2-1/2"]
[WhiteElo "2375"]
[BlackElo "2305"]
[PlyCount "88"]
[EventDate "1987.08.??"]
[EventType "swiss"]
[EventRounds "11"]
[EventCountry "WLS"]

1. e4 e6 2. d4 d5 3. Nd2 Nf6 4. e5 Nfd7 5. f4 c5 6. c3 Nc6 7. Ndf3 Qb6 8. g3
cxd4 9. cxd4 Bb4+ 10. Kf2 f6 11. Kg2 O-O 12. h4 Be7 13. Rh2 Rf7 14. Kh1 fxe5
15. fxe5 Nxd4 16. Be3 Nxf3 17. Bxb6 Nxh2 18. Kxh2 axb6 19. Nf3 Nc5 20. a3 Bd7
21. Bg2 Ne4 22. Qe2 Rc8 23. Rf1 Rcf8 24. b4 Rc8 25. Nd4 Rxf1 26. Qxf1 Rc3 27.
Bxe4 dxe4 28. Qe1 Rxa3 29. Qxe4 Ra2+ 30. Kh3 Rd2 31. Nf3 Rd5 32. h5 h6 33. Nh4
Bxh4 34. Kxh4 Bc6 35. Qe3 Rb5 36. Qc3 Rd5 37. Qe3 Rb5 38. Qc3 Rd5 39. Kg4 b5
40. Kh4 Rd1 41. Qc5 Rh1+ 42. Kg4 Rf1 43. Kh4 Rh1+ 44. Kg4 Rf1 1/2-1/2

[Event "BCF-ch"]
[Site "Swansea WLS"]
[Date "1987.??.??"]
[Round "?"]
[White "McDonald, Neil"]
[Black "Hergott, Deen"]
[Result "0-1"]
[WhiteElo "2400"]
[BlackElo "2305"]
[PlyCount "80"]
[EventDate "1987.08.??"]
[EventType "swiss"]
[EventRounds "11"]
[EventCountry "WLS"]

1. Nf3 b6 2. g3 Bb7 3. Bg2 c5 4. d3 g6 5. e4 Bg7 6. O-O Nf6 7. Nc3 O-O 8. Nh4
Nc6 9. f4 d6 10. Be3 Qd7 11. h3 d5 12. Nxd5 Nxd5 13. exd5 Nb4 14. c4 Bxb2 15.
Rb1 Bg7 16. a3 Na2 17. Qd2 Nc3 18. Rbc1 Na4 19. f5 Be5 20. Bf4 Bxf4 21. Qxf4
Qd6 22. Qh6 Rae8 23. Rce1 Bc8 24. Qe3 gxf5 25. Nxf5 Bxf5 26. Rxf5 f6 27. Be4
Rf7 28. Rf4 Rg7 29. Bf5 Kh8 30. Kh2 b5 31. Re4 Reg8 32. Rxe7 Rxe7 33. Be6 Nb6
34. Qf3 Rg6 35. cxb5 Nxd5 36. Bxd5 Rxe1 37. h4 Qe5 38. Be4 f5 39. Qf2 Rxe4 40.
dxe4 Qxe4 0-1

[Event "CAN-ch"]
[Site "Baie-Comeau CAN"]
[Date "1987.06.22"]
[Round "1"]
[White "Chabot, Roland"]
[Black "Hergott, Deen"]
[Result "1-0"]
[WhiteElo "1982"]
[BlackElo "2451"]
[PlyCount "77"]
[EventDate "1987.06.22"]
[EventType "tourn"]
[EventRounds "9"]
[EventCountry "CAN"]

1. d4 c5 2. d5 Nf6 3. c4 a6 4. a4 e5 5. Nc3 d6 6. e4 Be7 7. Nf3 Nbd7 8. a5 O-O
9. Be2 Nh5 10. g3 g6 11. Bh6 Ng7 12. Qd2 f5 13. Ng5 Nf6 14. exf5 Bxf5 15. h3
Qc8 16. g4 Bd7 17. Nce4 Nxe4 18. Nxe4 b5 19. axb6 Qb7 20. b4 cxb4 21. Qxb4 a5
22. Rxa5 Rxa5 23. Qxa5 Ra8 24. Qc3 Qxb6 25. O-O Ra2 26. c5 Qa7 27. Bc4 Ra3 28.
Qb2 Rxh3 29. Ra1 Qc7 30. Ra8+ Ne8 31. Qb6 Kf7 32. Rxe8 Qxb6 33. Rxe7+ Kxe7 34.
Bg5+ Kf8 35. cxb6 Ra3 36. b7 Ra1+ 37. Kg2 Rb1 38. Nxd6 Rb6 39. Be3 1-0

[Event "CAN-ch"]
[Site "Baie-Comeau CAN"]
[Date "1987.06.23"]
[Round "2"]
[White "Hergott, Deen"]
[Black "Saint Amand, Paul"]
[Result "1-0"]
[WhiteElo "2451"]
[BlackElo "2041"]
[PlyCount "79"]
[EventDate "1987.06.22"]
[EventType "tourn"]
[EventRounds "9"]
[EventCountry "CAN"]

1. d4 Nf6 2. Nf3 e6 3. c4 c5 4. d5 exd5 5. cxd5 d6 6. Nc3 g6 7. Bf4 a6 8. e4 b5
9. Qe2 Nh5 10. Bg5 f6 11. Be3 Be7 12. Nd2 Ng7 13. g4 Nd7 14. f4 Qc7 15. h4 Bb7
16. h5 O-O-O 17. Qh2 gxh5 18. gxh5 f5 19. Rg1 Ne8 20. O-O-O b4 21. Na4 Nef6 22.
Bh3 fxe4 23. Nc4 Kb8 24. Be6 Nf8 25. Bf7 Bc8 26. f5 Bxf5 27. Nxc5 Bc8 28. Kb1
Ka8 29. Na4 Ng4 30. Rxg4 Bxg4 31. Rc1 Qb7 32. Nab6+ Kb8 33. Na5 Bc8 34. Nxb7
Bxb7 35. Qc2 Rd7 36. Nxd7+ Nxd7 37. Qc7+ Ka8 38. Qxd7 Bf6 39. Be8 b3 40. Rc8+
1-0